000 00571ngm a2200265 a 4500
003 OSt
005 20251020182700.0
008 240217s9999 xx 000 0 und d
040 _aPE SENCICO BE
040 _cPE SENCICO BE
041 _aspa
082 _aJ012
245 0 _aNuevas Tecnologías en GPS /
245 0 _cLEICS
260 _bLEICS
260 _c1999
300 _a1 VIDEO
300 _bson., Col.
300 _c31'
490 _aINFORMACION GEOGRAFICA
511 _aLanatta, César
650 _aGPS
910 _aila.
942 _cVID
_2ddc
999 _c4790
_d4790